Españoles en Costa Rica : (Record no. 163)

MARC details
000 -LEADER
campo de control de longitud fija 02189nam a2200349 a 4500
001 - NÚMERO DE CONTROL
campo de control 4997517
003 - IDENTIFICADOR DE NÚMERO DE CONTROL
campo de control KFJGTNYJHI
005 - FECHA Y HORA DE LA ÚLTIMA TRANSACCIÓN
campo de control 20220326193253.0
008 - DATOS DE LONGITUD FIJA--INFORMACIÓN GENERAL
campo de control de longitud fija 990316s1997 cr b f000 0 spa
010 ## - NÚMERO DE CONTROL DE LA BIBLIOTECA DEL CONGRESO
Número de control de LC 99184232
020 ## - NÚMERO INTERNACIONAL ESTÁNDAR DEL LIBRO
Número Internacional Estándar del Libro 9968983519
035 ## - NÚMERO DE CONTROL DEL SISTEMA
Número de control de sistema (NcChVT)VT66CR156
040 ## - FUENTE DE CATALOGACIÓN
Centro catalogador/agencia de origen DLC
Centro/agencia transcriptor DLC
043 ## - CÓDIGO DE ÁREA GEOGRÁFICA
Código de área geográfica nccr---
050 00 - SIGNATURA TOPOGRÁFICA DE LA BIBLIOTECA DEL CONGRESO
Número de clasificación F1557.S7
Número de ítem E87 1997
082 00 - NÚMERO DE LA CLASIFICACIÓN DECIMAL DEWEY
Número de clasificación 325.246.097.286
Número de ítem E77e
245 00 - MENCIÓN DEL TÍTULO
Título Españoles en Costa Rica :
Resto del título la inmigración española /
Mención de responsabilidad, etc. [coordinación de la obra, Jesús Oyamburu, Miguel Angel González].
260 ## - PUBLICACIÓN, DISTRIBUCIÓN, ETC.
Lugar de publicación, distribución, etc. [San José, Costa Rica?] :
Nombre del editor, distribuidor, etc. Embajada de España, Centro Cultural Español :
-- Cooperación Española,
Fecha de publicación, distribución, etc. [1997?]
300 ## - DESCRIPCIÓN FÍSICA
Extensión xii, 160 p. ;
Dimensiones 21 cm.
Otras características físicas ill (col)
504 ## - NOTA DE BIBLIOGRAFÍA, ETC.
Nota de bibliografía, etc. Includes bibliographical references.
505 0# - NOTA DE CONTENIDO CON FORMATO
Nota de contenido con formato Significación de la emigración en la historia de España / por Pilar Cagiao -- La migración española en Costa Rica : fuentes documentales para su estudio / por Miguel Guzmán-Stein -- La emigración española a Costa Rica / por Mario Zaragoza -- Evaluación de la emigración española en Costa Rica / por Angel Ríos -- Acercamiento al estudio de los españoles que llegaron a la ciudad de San José en el marco de la gran migración en masa a fines del S. XIX y principios del XX / por Guiselle Marín Araya -- La colonia española y su proyección en el nacimiento del deporte en Costa Rica / por Chester Urbina Gaitán -- Testimonios de inmigrantes : Nicolás Lapeira Carrasco, José Llobet Comadrán, Ricardo Alvarez P., Francisco Alvarez González, Joan Carbona -- Nacionalidad española / por Juan López-Dóriga.
650 #0 - PUNTO DE ACCESO ADICIONAL DE MATERIA--TÉRMINO DE MATERIA
Término de materia o nombre geográfico como elemento de entrada Spaniards
Subdivisión geográfica Costa Rica
Subdivisión general History.
9 (RLIN) 787
650 #0 - PUNTO DE ACCESO ADICIONAL DE MATERIA--TÉRMINO DE MATERIA
Subdivisión de forma españoles en Costa Rica
-- inmigracion y emigracion
9 (RLIN) 788
650 #0 - PUNTO DE ACCESO ADICIONAL DE MATERIA--TÉRMINO DE MATERIA
Término de materia o nombre geográfico como elemento de entrada Immigrants
Subdivisión geográfica Costa Rica
Subdivisión general History.
9 (RLIN) 789
651 #0 - PUNTO DE ACCESO ADICIONAL DE MATERIA--NOMBRE GEOGRÁFICO
Nombre geográfico Costa Rica
Subdivisión general History.
9 (RLIN) 790
700 1# - ENTRADA AGREGADA--NOMBRE PERSONAL
Nombre de persona Oyamburu, Jesús.
9 (RLIN) 182
700 1# - ENTRADA AGREGADA--NOMBRE PERSONAL
Nombre de persona González, Miguel Angel.
9 (RLIN) 183
710 2# - ENTRADA AGREGADA--NOMBRE DE ENTIDAD CORPORATIVA
Nombre de entidad corporativa o nombre de jurisdicción como elemento de entrada Spain.
Unidad subordinada Embajada (Costa Rica)
9 (RLIN) 184
710 2# - ENTRADA AGREGADA--NOMBRE DE ENTIDAD CORPORATIVA
Nombre de entidad corporativa o nombre de jurisdicción como elemento de entrada Agencia Española de Cooperación Internacional.
9 (RLIN) 186
906 ## - ELEMENTOS DE DATOS F LOCAL, LDF (RLIN)
a 7
b cbc
c orignew
d 2
e ncip
f 19
g y-gencatlg
Holdings
Estatus retirado Estado de pérdida Fuente del sistema de clasificación o colocación Estado de daño No para préstamo Biblioteca de origen Biblioteca actual Ubicación en estantería Fecha de adquisición Total de préstamos Signatura topográfica completa Código de barras Visto por última vez Precio de reemplazo Tipo de ítem Koha
    Clasificación Decimal Dewey     Biblioteca LadoV Biblioteca LadoV   23/05/2014   325.246.097.286 E77e 000146 23/05/2014 23/05/2014 Material 01